000 00810nas a2200265 4500
001 BR0810416
003 BR-BrBNA
005 20231205113252.0
007 ta
008 230509b bl.|||p| |||| 00| 00por d
040 _aBR-BrBNA
_bpor
_cBiblioteca Nacional de Agricultura
041 _a(Pt)
072 _aH01; H20; J11
100 1 _aFurtado, E.L.
245 1 _aDoenças da seringueira e seu menejo no Brasil
650 _aMANEJO
650 _aSERINGUEIRA
650 _aBORRACHA
650 _aHEVEA SP
650 _aDEFESA VEGETAL
650 _aDOENÇA DE PLANTA
773 0 _tInforme Agropecuário - Empresa de Pesquisa Agropecuária de Minas Gerais (Brazil)
_xISSN 0100-3364
_g(Mar-Apr 2007), v. 28(237) p. 78-86
_wBR0810416
909 _a202311
_bLúcia
_c55
_dLúcia Elande
942 _2AGRIS
_n0
_cANA
999 _c202805
_d202805